000 00787nam a2200325Ia 4500
001 5376
003 10727
005 20250326064852.0
008 ||||||n9999 ||| || ||
041 _aspa
082 _221
_a338
100 _aKaplan, Marcos
_93683
245 0 _aProblemas del desarrollo y de la integracion en America Latina
260 _aVenezuela :
_bMonte de Avila,
_c1968.
300 _a255p
490 _aColeccion continente
562 _e3
650 0 _aAMÉRICA LATINA
_922
650 0 _aDesarrollo económico y social
_96057
650 0 _aIntegración económica
_95052
942 _cBKM
942 _cBKM
999 _c5376
_d5376
526 _a116204
526 _a4969
526 _a19790
526 _a104436
526 _a5144
526 _a51868
526 _a1697